Statistics for Second Cities 3#

Click here to take the quiz!

General Stats

  • This quiz has been taken 63 times
  • The average score is 10 of 16

Answer Stats

2nd CityCountry% Correct
MontrealCanada
98%
Abu DhabiUnited Arab Emirates
95%
SplitCroatia
91%
GrazAustria
86%
KandaharAfghanistan
86%
CórdobaArgentina
86%
BrnoCzech Republic
81%
BasraIraq
81%
KaunasLithuania
70%
MbabaneSwaziland
65%
ArequipaPeru
63%
ColónPanama
49%
LeónNicaragua
40%
BimboCentral African Republic
19%
GanjaAzerbaijan
7%
LindenGuyana
2%

Score Distribution

Percentile by Number Answered

Percent of People with Each Score

Your Score History

You have not taken this quiz